| 000 | 00726cam a22002653a 4500 | ||
|---|---|---|---|
| 001 | 32587 | ||
| 003 | PGUSA | ||
| 005 | 20140828083715.0 | ||
| 008 | 100529s2010||||xxu|||||s|||||000 1 eng d | ||
| 040 |
_aPGUSA _beng |
||
| 042 | _adc | ||
| 050 | 4 | _aPS | |
| 100 | 1 |
_aMerwin, Sam, _d1910-1996 |
|
| 245 | 1 | 4 |
_aThe Ambassador _h[electronic resource] / _cSam Merwin |
| 260 |
_bProject Gutenberg, _c2010 |
||
| 506 | _aPublic domain in the USA. | ||
| 516 | _aElectronic text | ||
| 653 | _aComputers -- Fiction | ||
| 653 | _aScience fiction | ||
| 653 | _aAmbassadors -- Fiction | ||
| 700 | 1 |
_aFreas, Kelly, _d1922-2005 |
|
| 830 | 0 |
_aProject Gutenberg _v32587 |
|
| 856 | 4 | 0 | _uhttp://www.gutenberg.org/ebooks/32587 |
| 942 | _cEB | ||
| 999 |
_c261842 _d261842 |
||